[Event "AUTO-ADV-2693"]
[Site "http://www.queenalice.com/game.php?id=1127833"]
[Date "2012.12.2"]
[Round "1"]
[White "Bonecrusher"]
[Black "TorresR"]
[Result "0-1"]
[WhiteElo "1643"]
[BlackElo "1648"]

1. Nf3 d5 2. d4 c5 3. e3 cxd4 4. Nxd4 a6 5. Nc3 e5 6. Nb3 Nc6 7. Nxd5 e4 8. c4
Nb4 9. Nd2 Qa5 10. Nxb4 Qxb4 11. Be2 Be6 12. a3 Qd6 13. b4 Be7 14. Bb2 Bf6 15.
Bxf6 Nxf6 16. c5 Qc7 17. Qa4+ b5 18. Qc2 O-O 19. Nxe4 Nxe4 20. Qxe4 Rfe8 21. Bd3
g6 22. Qf3 Rad8 23. Rd1 a5 24. O-O Bc4 25. Bxc4 bxc4 26. Rxd8 Rxd8 27. Rc1 Rd3
28. Rxc4 Rxa3 29. bxa5 Ra1+ 0-1

[Event "AUTO-ADV-2693"]
[Site "http://www.queenalice.com/game.php?id=1127846"]
[Date "2012.12.2"]
[Round "1"]
[White "kpfingaz"]
[Black "Bonecrusher"]
[Result "0-1"]
[WhiteElo "1624"]
[BlackElo "1636"]

1. e4 e5 2. Qh5 Nc6 3. Bc4 g6 4. Qf3 Nf6 5. c3 Bg7 6. Nh3 d6 7. Ng5 O-O 8. Qg3
Na5 9. Bb3 Nxb3 10. axb3 Nh5 11. Qh4 Bf6 12. d3 h6 13. g4 Bxg5 14. Bxg5 hxg5 15.
Qh3 Nf4 16. Qf3 f5 17. gxf5 gxf5 18. Nd2 fxe4 19. Qxe4 Bf5 20. Qc4+ d5 21. Qb5
Nxd3+ 22. Kf1 Bh3+ 23. Ke2 e4 24. Rab1 Rxf2+ 25. Kd1 Rf6 26. Rg1 Nf2+ 27. Ke1 e3
28. Ne4 Rb6 29. Rxg5+ Qxg5 30. Nxg5 Rxb5 31. Ke2 Re8 32. b4 Bg4+ 33. Kf1 d4 34.
cxd4 Rxg5 35. Rc1 e2+ 36. Kxf2 Rf5+ 37. Kg3 e1=Q+ 38. Rxe1 Rxe1 39. Kxg4 Rf7 40.
h4 Rg1+ 41. Kh3 Rh7 42. Kh2 Rg4 43. Kh3 Rhxh4# 0-1

[Event "AUTO-ADV-2693"]
[Site "http://www.queenalice.com/game.php?id=1127847"]
[Date "2012.12.2"]
[Round "1"]
[White "Bonecrusher"]
[Black "kpfingaz"]
[Result "0-1"]
[WhiteElo "1775"]
[BlackElo "1631"]

1. Nf3 d6 2. g3 e5 3. e4 Bg4 4. Bg2 Qf6 5. d3 h6 6. Nc3 c6 7. Be3 Nd7 8. Qd2
Bxf3 9. Bxf3 Qxf3 10. O-O Ngf6 11. a4 h5 0-1

[Event "AUTO-ADV-2693"]
[Site "http://www.queenalice.com/game.php?id=1127856"]
[Date "2012.12.2"]
[Round "1"]
[White "Bonecrusher"]
[Black "magrella"]
[Result "0-1"]
[WhiteElo "1623"]
[BlackElo "1919"]

1. e4 e5 2. Nf3 Nf6 3. d3 Nc6 4. Nc3 Bc5 5. Na4 Bb6 6. Bg5 h6 7. Bh4 d6 8. Nxb6
axb6 9. g3 Bg4 10. Be2 Bxf3 11. Bxf6 Qxf6 12. Bxf3 Nd4 13. Bg4 h5 14. Bh3 Nf3+
15. Kf1 h4 16. Bg4 Nd4 17. Kg2 Qh6 18. h3 g6 19. c3 Nc6 20. d4 O-O 21. Qf3 Ne7
22. Qf6 hxg3 23. Kxg3 Qf4+ 24. Qxf4 exf4+ 25. Kxf4 f5 26. exf5 Ra5 27. Ke3 gxf5
28. Be2 f4+ 29. Kd2 Rg5 30. Rag1 Rg7 31. Rxg7+ Kxg7 32. Bf3 d5 33. b3 c5 34. a4
Rc8 35. h4 Rc6 36. b4 cxd4 37. cxd4 Rc4 38. Kd3 Rxb4 39. Bg4 Rxa4 40. Rg1 Kh6
41. Bd1 Ra3+ 42. Kc2 Nf5 43. Rg5 Nxd4+ 44. Kb2 Ra5 45. Rh5+ Kg6 46. Rg5+ Kf6 47.
h5 Kxg5 0-1

[Event "AUTO-ADV-2693"]
[Site "http://www.queenalice.com/game.php?id=1127857"]
[Date "2012.12.2"]
[Round "1"]
[White "magrella"]
[Black "Bonecrusher"]
[Result "1-0"]
[WhiteElo "1867"]
[BlackElo "1715"]

1. e4 e5 2. Nf3 d6 3. Nc3 Nf6 4. d4 Bg4 5. Be2 Be7 6. h3 Bh5 7. dxe5 Nfd7 8.
exd6 Bxd6 9. Bc4 h6 10. Qe2 Ne5 11. g4 Bg6 12. Be3 Nxc4 13. Qxc4 Nc6 14. O-O-O
O-O 15. e5 Nxe5 16. Nxe5 1-0

[Event "Challenge"]
[Site "http://www.queenalice.com/game.php?id=1128249"]
[Date "2012.12.4"]
[Round "-"]
[White "Bonecrusher"]
[Black "betofortaleza"]
[Result "1-0"]
[WhiteElo "1650"]
[BlackElo "1809"]

1. d4 d6 2. e4 Nf6 3. Nc3 g6 4. d5 c6 5. Bc4 b5 6. Bb3 b4 7. Nce2 Qb6 8. Be3 c5
9. f3 Bg7 10. c3 bxc3 11. Nxc3 Qb4 12. Bd2 Qb6 13. Nge2 Nbd7 14. Na4 Qb7 15. O-O
Ne5 16. Bf4 Nh5 17. Be3 Bd7 18. Rb1 Qc8 19. Nac3 O-O 20. Ba4 Bh3 21. Rf2 Bd7 22.
Bxd7 Qxd7 23. b3 f5 24. a4 f4 25. Bc1 Bf6 26. Rf1 Bh4 27. b4 c4 28. Nd4 Nd3 29.
Ne6 Rf6 30. Bb2 Nxb2 31. Rxb2 Ng7 32. Nxg7 Kxg7 33. Qd4 e5 34. dxe6 Qxe6 35. Rc2
Kh6 36. Nd5 Rf7 37. Rxc4 Bd8 38. a5 a6 39. Re1 g5 40. e5 g4 41. Nxf4 Qf5 42.
fxg4 Qxg4 43. Qxd6+ Bf6 44. exf6 Qh4 45. Qd2 Qg5 46. Re7 Rxf6 47. Rce4 Raf8 48.
R7e6 Kg7 49. Rxf6 Rxf6 50. Re7+ Kg8 51. Re8+ Rf8 52. Qa2+ 1-0

[Event "Challenge"]
[Site "http://www.queenalice.com/game.php?id=1128251"]
[Date "2012.12.4"]
[Round "-"]
[White "Bonecrusher"]
[Black "Mikalus"]
[Result "1-0"]
[WhiteElo "1685"]
[BlackElo "1795"]

1. Nf3 c5 2. g3 Nc6 3. Bg2 e6 4. e4 Nf6 5. Nc3 d6 6. d3 Nd4 7. Nxd4 cxd4 8. Ne2
e5 9. f4 Bg4 10. f5 Be7 11. h3 Bh5 12. g4 Nxg4 13. hxg4 Bxg4 14. Bh3 Bh4+ 15.
Kf1 Bf3 16. Rg1 Qf6 17. Bg2 Bxg2+ 18. Rxg2 h6 19. Ng3 O-O-O 20. Nh5 Qe7 21. Qg4
Bg5 22. Bxg5 hxg5 23. f6+ 1-0

[Event "Challenge"]
[Site "http://www.queenalice.com/game.php?id=1128334"]
[Date "2012.12.4"]
[Round "-"]
[White "lincolnmarley"]
[Black "Bonecrusher"]
[Result "1-0"]
[WhiteElo "1731"]
[BlackElo "1695"]

1. e4 c5 2. Nf3 Nc6 3. d4 cxd4 4. Nxd4 Nxd4 5. Qxd4 d6 6. Nc3 e5 7. Bb5+ Bd7 8.
Bxd7+ Qxd7 9. Qd3 Nf6 10. f3 Be7 11. Be3 a6 12. g4 h6 13. h4 g6 14. O-O-O h5 15.
g5 Nh7 16. Rhf1 f6 17. f4 Rd8 18. f5 Nf8 19. gxf6 Bxf6 20. Nd5 Bxh4 21. f6 Kf7
22. Nb6 Qe6 23. Kb1 Bxf6 24. Nd5 Nd7 25. Bg5 1-0

[Event "Challenge"]
[Site "http://www.queenalice.com/game.php?id=1128335"]
[Date "2012.12.4"]
[Round "-"]
[White "Bonecrusher"]
[Black "lincolnmarley"]
[Result "1-0"]
[WhiteElo "1645"]
[BlackElo "1710"]

1. Nf3 Nf6 2. g3 g6 3. d4 Bg7 4. Bg2 O-O 5. Nc3 d6 6. O-O c6 7. e4 Nbd7 8. Bf4
Re8 9. Qd2 Nh5 10. Bh6 e5 11. Bxg7 Nxg7 12. d5 c5 13. Nb5 Qe7 14. Nc7 1-0

[Event "Challenge"]
[Site "http://www.queenalice.com/game.php?id=1128504"]
[Date "2012.12.5"]
[Round "-"]
[White "rdaigle2003"]
[Black "Bonecrusher"]
[Result "1-0"]
[WhiteElo "1695"]
[BlackElo "1656"]

1. e4 e5 2. Nf3 d6 3. Bc4 h6 4. d4 exd4 5. Nxd4 Nf6 6. Nc3 Bd7 7. O-O Nc6 8.
Nxc6 Bxc6 9. Re1 Nd7 10. Qh5 Ne5 11. Bb3 Bd7 12. Bf4 Bg4 13. Bxf7+ Nxf7 14. Qxg4
g5 15. Qe6+ Be7 16. Bg3 h5 17. h3 Rh6 18. Qb3 Qc8 19. Nd5 Bf8 20. Qc4 c6 21. Nc3
Qd7 22. e5 Re6 23. exd6 Rxe1+ 24. Rxe1+ Kd8 25. Ne4 Nxd6 26. Nxd6 b5 27. Qc5 1-0

[Event "Challenge"]
[Site "http://www.queenalice.com/game.php?id=1128506"]
[Date "2012.12.5"]
[Round "-"]
[White "Bonecrusher"]
[Black "rdaigle2003"]
[Result "0-1"]
[WhiteElo "1681"]
[BlackElo "1666"]

1. Nf3 d5 2. d4 Nf6 3. g3 Bg4 4. Bg2 e6 5. O-O Bd6 6. b3 Nc6 7. Bb2 Qd7 8. Nc3
O-O-O 9. a4 h5 10. Nb5 a6 11. Nxd6+ Qxd6 12. Ba3 Qd7 13. b4 Ne4 14. Qd3 Ne7 15.
Ne5 Qe8 16. Nxg4 hxg4 17. Bxe4 dxe4 18. Qxe4 f5 19. Qd3 e5 20. Bb2 e4 21. Qc4
Qh5 0-1

[Event "Challenge"]
[Site "http://www.queenalice.com/game.php?id=1128609"]
[Date "2012.12.5"]
[Round "-"]
[White "kuntakinte"]
[Black "Bonecrusher"]
[Result "1-0"]
[WhiteElo "1675"]
[BlackElo "1690"]

1. d4 d5 2. e3 e6 3. a3 Nc6 4. Nf3 Bd7 5. b4 a6 6. Bd3 Nf6 7. Nc3 Qe7 8. b5 Nb8
9. O-O h6 10. e4 Nxe4 11. Nxe4 dxe4 12. Bxe4 c6 13. b6 f5 14. Bd3 Qd8 15. Rb1 a5
16. a4 Na6 17. c3 c5 18. d5 exd5 19. Ne5 c4 20. Qh5+ 1-0

[Event "Challenge"]
[Site "http://www.queenalice.com/game.php?id=1128615"]
[Date "2012.12.5"]
[Round "-"]
[White "Bonecrusher"]
[Black "agilulfo"]
[Result "0-1"]
[WhiteElo "1715"]
[BlackElo "1755"]

1. Nf3 Nf6 2. g3 g6 3. b3 Bg7 4. Bb2 O-O 5. Nc3 d6 6. e4 Bg4 7. d3 c5 8. Bg2 Nc6
9. Qd2 Bxf3 10. Bxf3 Nd4 11. Bg2 e6 12. e5 dxe5 13. Ne4 Nxe4 14. Bxe4 Qc7 15. c3
Nb5 16. a4 Nd6 17. Bg2 Rad8 18. Qc2 b5 19. axb5 Nxb5 20. O-O Qd7 21. Rfd1 Qd6
22. Rd2 Bh6 23. Rdd1 Bg7 24. Ra5 a6 25. Bb7 Qc7 26. Rda1 Qxb7 0-1

[Event "Challenge"]
[Site "http://www.queenalice.com/game.php?id=1129395"]
[Date "2012.12.8"]
[Round "-"]
[White "Bonecrusher"]
[Black "kuntakinte"]
[Result "0-1"]
[WhiteElo "1676"]
[BlackElo "1682"]

1. Nf3 d5 2. d4 b6 3. e3 a6 4. Nc3 c6 5. b4 e6 6. a3 b5 7. Bb2 Nf6 8. a4 Bxb4 9.
axb5 Ne4 10. Qd3 a5 11. Nd2 f5 12. Ndxe4 fxe4 13. Qd2 O-O 14. Be2 Qf6 15. O-O
cxb5 16. Bxb5 Bd7 17. Bxd7 Nxd7 18. Ba3 Bxa3 19. Rxa3 Nb6 20. Qe2 Nc4 21. Ra2
Rf7 22. f4 Nb6 23. Qb5 Nc4 24. Re1 Rff8 25. Nxe4 Qg6 26. Nc5 Rfb8 27. Qc6 Rc8
28. Qxe6+ Qxe6 29. Nxe6 a4 30. e4 dxe4 31. Rxe4 Rcb8 32. Nc7 Rb1+ 33. Kf2 Rab8
34. Re8+ Rxe8 35. Nxe8 a3 36. Nc7 Rb2 37. Ra1 Rxc2+ 38. Ke1 Rb2 39. Kf1 a2 0-1

[Event "Challenge"]
[Site "http://www.queenalice.com/game.php?id=1130390"]
[Date "2012.12.11"]
[Round "-"]
[White "betofortaleza"]
[Black "Bonecrusher"]
[Result "1-0"]
[WhiteElo "1784"]
[BlackElo "1619"]

1. e4 Nc6 2. Bc4 b6 3. Qf3 Ne5 4. Qb3 Nxc4 5. Qxc4 e5 6. d3 Nf6 7. Nf3 d6 8. Bg5
Be7 9. Nc3 a5 10. Bxf6 Bxf6 11. Nd5 c5 12. h4 Ba6 13. Qb3 Rb8 14. g4 b5 15.
O-O-O c4 16. dxc4 O-O 17. g5 Be7 18. Rdg1 bxc4 19. Qc3 f5 20. gxf6 Bxf6 21. Qe3
Bb7 22. Ng5 Bxd5 23. exd5 h6 24. Ne6 Qb6 25. Qxb6 Rxb6 26. Nxf8 Kxf8 27. Rg4 e4
28. Rxe4 Rxb2 29. Rxc4 Rxa2 30. Kd2 a4 31. Rb1 Kg8 32. Rb8+ Kh7 33. h5 a3 34.
Rcc8 g6 35. Rb7+ Bg7 36. Rcc7 1-0

[Event "Challenge"]
[Site "http://www.queenalice.com/game.php?id=1131581"]
[Date "2012.12.15"]
[Round "-"]
[White "Bonecrusher"]
[Black "nickpet"]
[Result "1-0"]
[WhiteElo "1650"]
[BlackElo "1720"]

1. e4 e5 2. Bc4 Bc5 3. Nf3 d6 4. h3 h6 5. Nc3 c6 6. d4 exd4 7. Nxd4 Qf6 8. Be3
a6 9. f4 g6 10. Rf1 Qh4+ 11. Rf2 b5 12. Nf3 Qg3 13. Bxc5 dxc5 14. Bxf7+ Kxf7 15.
Ne5+ Ke6 16. Nd5 Nf6 17. Nc7+ Ke7 18. Nxa8 Nxe4 19. Qf3 Qxf2+ 20. Qxf2 Nxf2 21.
Nxg6+ Kf6 22. Nxh8 Ne4 23. O-O-O Bb7 24. Rd8 Bxa8 25. Rxb8 c4 26. Rxa8 Kg7 27.
Rxa6 Kxh8 28. Rxc6 Kg7 29. g4 Ng3 30. Rc5 Ne2+ 31. Kb1 Nxf4 32. Rxb5 Nxh3 33. a4
Nf4 34. a5 Ne6 35. a6 Nc7 36. Rb7 h5 37. Rxc7+ Kg6 38. a7 hxg4 39. a8=Q g3 40.
Rc5 Kf6 41. Qa6+ Ke7 42. Rc7+ Kd8 43. Qc8# 1-0

[Event "Challenge"]
[Site "http://www.queenalice.com/game.php?id=1132258"]
[Date "2012.12.18"]
[Round "-"]
[White "nickpet"]
[Black "Bonecrusher"]
[Result "0-1"]
[WhiteElo "1682"]
[BlackElo "1669"]

1. e4 Nc6 2. Bc4 Nf6 3. Qf3 Nd4 4. Qd3 e5 5. Nf3 Bc5 6. c3 Nxf3+ 7. Qxf3 c6 8.
b4 Be7 9. d3 b5 10. Bb3 Ba6 11. Qg3 O-O 12. Bh6 Nh5 13. Qf3 Nf4 14. Qg4 Ng6 15.
Be3 Bc8 16. Qf3 Nh4 17. Qg3 d6 18. Bh6 Ng6 19. Be3 Bh4 20. Qf3 Kh8 21. g3 Bg5
22. h4 Bxe3 23. fxe3 f5 24. exf5 Bxf5 25. Qxc6 Bxd3 26. Qd5 Qf6 27. Qxd3 Qf2+
28. Kd1 Qf3+ 29. Kc2 Qxh1 30. Kb2 Qg2+ 31. Nd2 Rf2 32. Rd1 Raf8 33. Bd5 Qh2 34.
Kb3 e4 35. Bxe4 Rd8 36. Qxb5 Rxd2 37. Rxd2 Qxd2 38. Qg5 Rc8 39. c4 Re8 40. a3
Qd1+ 41. Bc2 Qf3 42. Ka4 Rxe3 43. Bxg6 Rxa3+ 44. Kb5 Qb7# 0-1

[Event "Challenge"]
[Site "http://www.queenalice.com/game.php?id=1133106"]
[Date "2012.12.21"]
[Round "-"]
[White "Bonecrusher"]
[Black "betofortaleza"]
[Result "0-1"]
[WhiteElo "1652"]
[BlackElo "1822"]

1. c4 e5 2. Nc3 Bc5 3. e4 d6 4. Nf3 Nc6 5. Na4 Bg4 6. Nxc5 dxc5 7. Be2 Nf6 8.
Qa4 Nxe4 9. Nxe5 Bd7 10. Nxc6 Bxc6 11. Qc2 Qf6 12. O-O O-O-O 13. f3 Ng5 14. f4
Qd4+ 15. Rf2 Ne4 16. Bg4+ Kb8 0-1

[Event "Challenge"]
[Site "http://www.queenalice.com/game.php?id=1133107"]
[Date "2012.12.21"]
[Round "-"]
[White "betofortaleza"]
[Black "Bonecrusher"]
[Result "1-0"]
[WhiteElo "1810"]
[BlackElo "1662"]

1. e4 Nc6 2. Bc4 e5 3. Nf3 h6 4. d3 Bb4+ 5. c3 Bc5 6. d4 exd4 7. cxd4 Nxd4 8.
Be3 Nxf3+ 9. Qxf3 Nf6 10. Bxc5 d6 11. Bd4 Qe7 12. Bxf6 gxf6 13. Nc3 Qe5 14. O-O
h5 15. Nd5 1-0

[Event "Challenge"]
[Site "http://www.queenalice.com/game.php?id=1142159"]
[Date "2013.1.19"]
[Round "-"]
[White "Admilton"]
[Black "Bonecrusher"]
[Result "1-0"]
[WhiteElo "1622"]
[BlackElo "1686"]

1. Nf3 d5 2. h3 Nc6 3. d4 g6 4. e3 Bg7 5. Bb5 Qd6 6. Nc3 Bd7 7. a4 a6 8. Bxc6
Bxc6 9. Ng5 Nf6 10. b3 h6 11. Nf3 Qe6 12. Qe2 Ne4 13. Bd2 Nxd2 14. Qxd2 h5 15.
b4 Bh6 16. Ne2 g5 17. Ng3 h4 18. Ne2 g4 19. Ne5 Bd7 20. Nxg4 Qg6 21. Nf4 Bxf4
22. exf4 Bxg4 23. hxg4 Qxg4 24. f3 Qg3+ 25. Kf1 O-O-O 26. Rh3 Qg6 27. Re1 e6 28.
Re5 f5 29. Re3 Rhg8 30. Re2 Qe8 31. a5 Rh8 32. Qc3 Qb5 33. Kf2 Rhg8 34. Rxe6
Rde8 35. Rxe8+ Rxe8 36. Qd3 Qxd3 37. cxd3 Rh8 38. g3 b6 39. gxh4 bxa5 40. bxa5
Kb7 41. h5 Kc6 42. h6 Kb5 43. Rh5 Kxa5 44. Rxf5 c6 45. Rf6 Kb6 46. Rg6 a5 47. f5
a4 48. f6 a3 49. f7 a2 50. Rg8 Rxh6 51. f8=Q a1=Q 52. Qb4+ Ka7 53. Qc5+ 1-0

[Event "Challenge"]
[Site "http://www.queenalice.com/game.php?id=1148271"]
[Date "2013.2.3"]
[Round "-"]
[White "Bonecrusher"]
[Black "Admilton"]
[Result "1-0"]
[WhiteElo "1667"]
[BlackElo "1666"]

1. e4 e6 2. d4 d5 3. e5 h6 4. g3 Bb4+ 5. c3 Ba5 6. b4 Bb6 7. a4 a5 8. b5 c5 9.
Be3 c4 10. Bg2 f5 11. Nf3 Bc7 12. O-O g5 13. Na3 g4 14. Nh4 Ne7 15. Rb1 b6 16.
f3 Nd7 17. fxg4 Nf8 18. gxf5 Nxf5 19. Qh5+ Kd7 20. Nxf5 exf5 21. Qf7+ Qe7 22.
Qxf5+ Ke8 23. Qh5+ Kd8 24. Bxd5 Qxa3 25. Bxh6 Ra7 26. Bg5+ Kd7 27. Bc6+ Ke6 28.
Rf6+ Ke7 29. Qf7+ 1-0

[Event "Challenge"]
[Site "http://www.queenalice.com/game.php?id=1152120"]
[Date "2013.2.15"]
[Round "-"]
[White "thiagobrumchess"]
[Black "Bonecrusher"]
[Result "1-0"]
[WhiteElo "1773"]
[BlackElo "1646"]

1. e4 e5 2. Nf3 d6 3. Bc4 h6 4. O-O Bg4 5. Nc3 h5 6. h3 Bd7 7. d4 h4 8. Bg5 f6
9. Bxh4 g5 10. Bg3 Qe7 11. a3 Bh6 12. Nd5 Qd8 13. c3 Ne7 14. Nxf6+ 1-0